New England Patriots Coaching Staff Since 2000 - Statistics

General Stats
  • This quiz has been taken 11 times
  • The average score is 58 of 105
Answer Stats
Hint Answer % Correct
2000 HC Bill Belichick
100%
2000 DC Bill Belichick
100%
2001 HC Bill Belichick
100%
2002 HC Bill Belichick
100%
2003 HC Bill Belichick
100%
2004 HC Bill Belichick
100%
2005 HC Bill Belichick
100%
2006 HC Bill Belichick
100%
2007 HC Bill Belichick
100%
2008 HC Bill Belichick
100%
2009 HC Bill Belichick
100%
2010 HC Bill Belichick
100%
2010 DC Bill Belichick
100%
2011 HC Bill Belichick
100%
2011 DC Bill Belichick
100%
2012 HC Bill Belichick
100%
2013 HC Bill Belichick
100%
2014 HC Bill Belichick
100%
2015 HC Bill Belichick
100%
2016 HC Bill Belichick
100%
2017 HC Bill Belichick
100%
2018 HC Bill Belichick
100%
2019 HC Bill Belichick
100%
2019 DC* Bill Belichick
100%
2020 HC Bill Belichick
100%
2020 DC Bill Belichick
100%
2021 HC Bill Belichick
100%
2021 DC Bill Belichick
100%
2022 HC Bill Belichick
100%
2022 DC Bill Belichick
100%
2023 HC Bill Belichick
100%
2023 DC Bill Belichick
100%
2005 OC Josh McDaniels
100%
2006 OC Josh McDaniels
100%
2007 OC Josh McDaniels
100%
2008 OC Josh McDaniels
100%
2012 OC Josh McDaniels
100%
2013 OC Josh McDaniels
100%
2014 OC Josh McDaniels
100%
2015 OC Josh McDaniels
100%
2016 OC Josh McDaniels
100%
2017 OC Josh McDaniels
100%
2018 OC Josh McDaniels
100%
2019 OC Josh McDaniels
100%
2020 OC Josh McDaniels
100%
2021 OC Josh McDaniels
100%
2025 OC Josh McDaniels
100%
2025 HC Mike Vrabel
100%
2024 HC Jerod Mayo
90%
2009 OC Bill O’Brien
60%
2010 OC Bill O’Brien
60%
2011 OC Bill O’Brien
60%
2023 OC Bill O’Brien
60%
2012 DC Matt Patricia
60%
2013 DC Matt Patricia
60%
2014 DC Matt Patricia
60%
2015 DC Matt Patricia
60%
2016 DC Matt Patricia
60%
2017 DC Matt Patricia
60%
2022 OC Matt Patricia
60%
2018 DC Brian Flores
30%
2015 STC Joe Judge
20%
2016 STC Joe Judge
20%
2017 STC Joe Judge
20%
2018 STC Joe Judge
20%
2019 STC Joe Judge
20%
2024 OC Alex Van Pelt
10%
2000 OC Charlie Weis
10%
2001 OC Charlie Weis
10%
2002 OC Charlie Weis
10%
2003 OC Charlie Weis
10%
2004 OC Charlie Weis
10%
2024 DC DeMarcus Covington
10%
2024 STC Jeremy Springer
10%
2025 STC Jeremy Springer
10%
2001 DC Romeo Crennel
10%
2002 DC Romeo Crennel
10%
2003 DC Romeo Crennel
10%
2004 DC Romeo Crennel
10%
2025 DC Terrell Williams
10%
2000 STC Brad Seely
0%
2001 STC Brad Seely
0%
2002 STC Brad Seely
0%
2003 STC Brad Seely
0%
2004 STC Brad Seely
0%
2005 STC Brad Seely
0%
2006 STC Brad Seely
0%
2007 STC Brad Seely
0%
2008 STC Brad Seely
0%
2020 STC Cam Achord
0%
2021 STC Cam Achord
0%
2022 STC Cam Achord
0%
2023 STC Cam Achord
0%
2006 DC Dean Pees
0%
2007 DC Dean Pees
0%
2008 DC Dean Pees
0%
2009 DC Dean Pees
0%
2005 DC Eric Mangini
0%
2019 DC Greg Schiano
0%
2009 STC Scott O’Brien
0%
2010 STC Scott O’Brien
0%
2011 STC Scott O’Brien
0%
2012 STC Scott O’Brien
0%
2013 STC Scott O’Brien
0%
2014 STC Scott O’Brien
0%
No matching quizzes found
Score Distribution
Percent of People with Each Score
Percentile by Number Answered
Your Score History
You have not taken this quiz